Archivmaterialien zu Henry Home Kames (Lord), 1696-1782

Saved in:  
Bibliographic Details
Main Author: Kames, Henry Home (Lord) 1696-1782 (Author)
Format: Electronic Archival Collections
Language:German
Check availability: HBZ Gateway
In:Year: 2019
Online Access: Archivdatenbank (Kalliope Verbundkatalog)

MARC

LEADER 00000npc a22000002 4500
001 LR118774832
003 PipeLineGenerated
005 20260416061801.0
008 190606s2019 xx ||||| 00| ||ger c
100 |a Kames, Henry Home (Lord)  |0 (DE-588)118774832  |0 (DE-627)157105911  |d 1696-1782 
245 |a Archivmaterialien zu Henry Home Kames (Lord), 1696-1782 
856 |u https://kalliope-verbund.info/gnd/118774832  |3 Archivdatenbank (Kalliope Verbundkatalog) 
BIB |a 1  |o create_literary_remains_records 
ELC |a 1 
REL |a 1  |o create_literary_remains_records 
SUB |a BIB  |a REL